004180000a2200145000450024500720000065000150007265000290008765000270011665000130014365300130015665300150016904100130018410000230019777300520022010aTests of density dependent habitat selection in a patchy enviroment14aEcología14aSelección de hábitat14aDinámica poblacional14aRoedores gMicrotus gPeromyscus0 aInglés1 aMorris, Douglas W.1 tEcological Monographs314h4q269-281d1987g57